Cultureshock! : (Record no. 363306)
[ view plain ]
| 000 -LEADER | |
|---|---|
| fixed length control field | 00591nam a2200217Ia 4500 |
| 008 - FIXED-LENGTH DATA ELEMENTS--GENERAL INFORMATION | |
| fixed length control field | 200601s9999 xx 000 0 und d |
| 020 ## - INTERNATIONAL STANDARD BOOK NUMBER | |
| International Standard Book Number | 981-261-130-4 |
| 050 ## - LIBRARY OF CONGRESS CALL NUMBER | |
| Classification number | REF DS 721 |
| 050 ## - LIBRARY OF CONGRESS CALL NUMBER | |
| Item number | .W45 2005 |
| 100 ## - MAIN ENTRY--PERSONAL NAME | |
| Personal name | Weiner, Rebecca. |
| 245 #0 - TITLE STATEMENT | |
| Title | Cultureshock! : |
| 245 #0 - TITLE STATEMENT | |
| Remainder of title | Shanghai / |
| 245 #0 - TITLE STATEMENT | |
| Statement of responsibility, etc | Rebecca Weiner, Angie Eagan, Xu Jun. |
| 260 ## - PUBLICATION, DISTRIBUTION, ETC. (IMPRINT) | |
| Place of publication, distribution, etc | Singapore : |
| 260 ## - PUBLICATION, DISTRIBUTION, ETC. (IMPRINT) | |
| Name of publisher, distributor, etc | Marshall Cavendish Editions, |
| 260 ## - PUBLICATION, DISTRIBUTION, ETC. (IMPRINT) | |
| Date of publication, distribution, etc | 2006 |
| 300 ## - PHYSICAL DESCRIPTION | |
| Extent | 332 pages : |
| 300 ## - PHYSICAL DESCRIPTION | |
| Other physical details | illustrations (some color) ; |
| 300 ## - PHYSICAL DESCRIPTION | |
| Dimensions | 22 cm. |
| 500 ## - GENERAL NOTE | |
| General note | Includes bibliographical references and index. |
| Withdrawn status | Lost status | Damaged status | Home library | Current library | Shelving location | Date acquired | Cost, normal purchase price | Total Checkouts | Full call number | Barcode | Date last seen | Price effective from | Koha item type |
|---|---|---|---|---|---|---|---|---|---|---|---|---|---|
| South Mansfield College | South Mansfield College | Reference Section | 06/01/2020 | 894.00 | REF DS 721 .W45 2005 | SMC04849 | 06/01/2020 | 06/01/2020 | Books |